MLB Baseball Leaders by Category - Statistics

General Stats
  • This quiz has been taken 61,048 times
    20,309 since last reset
  • The average score is 20 of 54
Answer Stats
Categories Player % Correct
Career HR, single-season HR Barry Bonds
96%
Career HR, career slugging Babe Ruth
94%
Career HR, career hits Hank Aaron
89%
Single-season HR Mark McGwire
79%
Single-season HR, career slugging Aaron Judge
78%
Single-season HR, single-season RBI (1950–) Sammy Sosa
77%
Career HR Albert Pujols
75%
Seasons played, career wins (1950–), career strikeouts Nolan Ryan
74%
Career HR, single-season RBI (1950–) Alex Rodriguez
73%
Seasons played Rickey Henderson
70%
Career strikeouts, Cy Young awards Randy Johnson
68%
Career hits Pete Rose
67%
Career saves Mariano Rivera
66%
Seasons played Tommy John
66%
Single season batting (1950–), career slugging Ted Williams
61%
Career hits, career batting, career steals Ty Cobb
60%
Career saves Francisco Rodríguez
59%
Single-season HR Roger Maris
56%
Career wins (1950–), career strikeouts, Cy Young awards Roger Clemens
54%
Single season batting (1950–), career batting (1950–) Tony Gwynn
50%
Single season ERA (1950–), career wins (1950–), Cy Young awards Greg Maddux
46%
Single season ERA (1950–) Bob Gibson
43%
Career slugging Lou Gehrig
39%
Career saves Trevor Hoffman
39%
Career saves Lee Smith
32%
Career stolen bases Lou Brock
28%
Single season batting (1950–) George Brett
27%
Career hits Stan Musial
27%
Career batting Joe Jackson
26%
Single-season RBI (1950–) Manny Ramirez
23%
Career wins (1950–), career strikeouts, Cy Young awards Steve Carlton
21%
Single season batting (1950–), career batting (1950–) Rod Carew
20%
Career batting Rogers Hornsby
20%
Career batting (1950–) Wade Boggs
19%
Career slugging Jimmie Foxx
17%
Career batting, career hits Tris Speaker
17%
Seasons played Jamie Moyer
13%
Single-season RBI (1950–) Juan Gonzalez
13%
Career saves John Franco
12%
Career stolen bases Tim Raines
11%
Career stolen bases Vince Coleman
11%
Single season batting (1950–) Larry Walker
10%
Career strikeouts Bert Blyleven
9%
Single season ERA (1950–) Dwight Gooden
9%
Career batting (1950–) Vladimir Guerrero
9%
Career batting (1950–) Kirby Puckett
8%
Career wins (1950–) Don Sutton
7%
Single-season RBI (1950–) Tommy Davis
7%
Seasons played Eddie Collins
6%
Seasons played Jim Kaat
4%
Career batting Lefty O'Doul
4%
Single season ERA (1950–) Luis Tiant
4%
Single season ERA (1950–) Shane Bieber
4%
Seasons played Charlie Hough
3%
No matching quizzes found
Score Distribution
Percent of People with Each Score
Percentile by Number Answered
Your Score History
You have not taken this quiz since the last reset